Handbook of medicinal herbs / (Record no. 21400)
[ view plain ]
| 000 -LEADER | |
|---|---|
| fixed length control field | 01351cam a22003735a 4500 |
| 001 - CONTROL NUMBER | |
| control field | 12652843 |
| 005 - DATE AND TIME OF LATEST TRANSACTION | |
| control field | 20160314134335.0 |
| 008 - FIXED-LENGTH DATA ELEMENTS--GENERAL INFORMATION | |
| fixed length control field | 020123r20132002flua frb 001 0 eng d |
| 020 ## - INTERNATIONAL STANDARD BOOK NUMBER | |
| International Standard Book Number | 0849312841 (alk. paper) |
| 020 ## - INTERNATIONAL STANDARD BOOK NUMBER | |
| International Standard Book Number | 9780849312847 |
| 040 ## - CATALOGING SOURCE | |
| Original cataloging agency | DLC |
| Language of cataloging | eng |
| Transcribing agency | DLC |
| Modifying agency | DLC |
| -- | EG-ScBUE |
| 082 04 - DEWEY DECIMAL CLASSIFICATION NUMBER | |
| Classification number | 615.321 |
| Item number | DUK |
| Edition number | 22 |
| 100 1# - MAIN ENTRY--PERSONAL NAME | |
| Personal name | Duke, James A., |
| Dates associated with a name | 1929- |
| 9 (RLIN) | 39542 |
| 245 10 - TITLE STATEMENT | |
| Title | Handbook of medicinal herbs / |
| Statement of responsibility, etc | James A. Duke ; [contributors] Mary Jo Bogenschutz-Godwin, Judi duCellier, Peggy-Ann K. Duke. |
| 250 ## - EDITION STATEMENT | |
| Edition statement | 2nd ed., Special Indian ed. |
| 250 ## - EDITION STATEMENT | |
| Edition statement | 1st India rep. ed. |
| 260 ## - PUBLICATION, DISTRIBUTION, ETC. (IMPRINT) | |
| Place of publication, distribution, etc | Boca Raton : |
| Name of publisher, distributor, etc | CRC Press, |
| Date of publication, distribution, etc | 2013 |
| Place of manufacture | [New Delhi : |
| Manufacturer | Nutech Print Services] |
| 300 ## - PHYSICAL DESCRIPTION | |
| Extent | 870 p. : |
| Other physical details | ill. (some col.) ; |
| Dimensions | 26 cm. |
| 500 ## - GENERAL NOTE | |
| General note | Previously published : CRC handbook of medicinal herbs. |
| 500 ## - GENERAL NOTE | |
| General note | Reprinted of 2002 ed. |
| 500 ## - GENERAL NOTE | |
| General note | Includes indexes. |
| 504 ## - BIBLIOGRAPHY, ETC. NOTE | |
| Bibliography, etc | Bibliography : p. 821-827. |
| 650 #0 - SUBJECT ADDED ENTRY--TOPICAL TERM | |
| Topical term or geographic name as entry element | Medicinal plants. |
| Source of heading or term | BUEsh |
| 9 (RLIN) | 35678 |
| 650 #0 - SUBJECT ADDED ENTRY--TOPICAL TERM | |
| Topical term or geographic name as entry element | Herbs. |
| Source of heading or term | BUEsh |
| 650 #0 - SUBJECT ADDED ENTRY--TOPICAL TERM | |
| Topical term or geographic name as entry element | Herbals. |
| Source of heading or term | BUEsh |
| 650 #7 - SUBJECT ADDED ENTRY--TOPICAL TERM | |
| Topical term or geographic name as entry element | Traditional medicine. |
| Source of heading or term | BUEsh |
| 9 (RLIN) | 39315 |
| 650 #7 - SUBJECT ADDED ENTRY--TOPICAL TERM | |
| Topical term or geographic name as entry element | Materia medica, Vegetable. |
| Source of heading or term | BUEsh |
| 9 (RLIN) | 39011 |
| 651 ## - SUBJECT ADDED ENTRY--GEOGRAPHIC NAME | |
| Source of heading or term | BUEsh |
| 653 ## - INDEX TERM--UNCONTROLLED | |
| Resource For college | Pharmacy |
| Arrived date list | March2016 |
| 700 1# - ADDED ENTRY--PERSONAL NAME | |
| Personal name | Bogenschutz-Godwin, Mary Jo |
| Relator term | contributors. |
| 700 1# - ADDED ENTRY--PERSONAL NAME | |
| Personal name | DuCellier, Judi, |
| Relator term | contributors. |
| 700 1# - ADDED ENTRY--PERSONAL NAME | |
| Personal name | Duke, Peggy-Ann K. |
| Relator term | contributors. |
| 942 ## - ADDED ENTRY ELEMENTS (KOHA) | |
| Source of classification or shelving scheme | Dewey Decimal Classification |
| Withdrawn status | Item status | Source of classification or shelving scheme | Damaged status | Not for loan | Vendor | Home library | Current library | Shelving location | Date acquired | Source of acquisition | Cost, normal purchase price | Serial Enumeration / chronology | Total Checkouts | Full call number | Barcode | Date last seen | Cost, replacement price | Koha item type |
|---|---|---|---|---|---|---|---|---|---|---|---|---|---|---|---|---|---|---|
| Dewey Decimal Classification | Central Library | Central Library | Ground Floor | 14/03/2016 | Purchase | 1165.00 | 2 | 615.321 DUK | 000032017 | 18/10/2025 | 1455.00 | Reference (NB) |